Hiszek Kun Árpádnak
Elmentve itt :
| Szerző: | |
|---|---|
| Dokumentumtípus: | Cikk |
| Megjelent: |
1973-06-26
|
| Sorozat: | Délmagyarország
63 No. 147 |
| Kulcsszavak: | Kun Árpád |
| Online Access: | http://dmarchiv.bibl.u-szeged.hu/96471 |
| LEADER | 00438nab a2200157 i 4500 | ||
|---|---|---|---|
| 001 | delm96471 | ||
| 005 | 20190401121821.0 | ||
| 008 | 190401s1973 hu o 0|| hun d | ||
| 040 | |a SZTE Délmagyarország Archívum |b hun | ||
| 041 | |a hun | ||
| 100 | 1 | |a Balogh György | |
| 245 | 1 | 0 | |a Hiszek Kun Árpádnak |h [elektronikus dokumentum] / |c Balogh György |
| 260 | |c 1973-06-26 | ||
| 300 | |a 3 | ||
| 490 | 0 | |a Délmagyarország |v 63 No. 147 | |
| 695 | |a Kun Árpád | ||